000 00390 a2200169 4500
001 73072
020 _a8576665913
040 _cAnchieta - Colégio São Paulo
100 _aDoolhnikoff, Miriam
240 1 0 _aRitmos da história
_lpor
245 1 0 _aRitmos da história
300 _a344
362 0 _a2006
440 1 _aEscala Educacional
650 4 _aHistória do mundo
942 _cBK
999 _c73072
_d73072